[Event "44th BAN-ch OMICON 2018"]
[Site "Dhaka"]
[Date "2018.12.02"]
[Round "9"]
[White "Subrota, Biswas"]
[Black "Hossain, Showkat Pollab"]
[Result "1-0"]
[WhiteElo "2126"]
[BlackElo "2119"]
[Annotator "TA"]
[PlyCount "95"]
[EventDate "2018.11.24"]
[EventType "swiss"]
[EventCountry "BAN"]
[SourceTitle "playchess.com"]
[Source "ChessBase"]
[SourceQuality "1"]

{[%evp 15,95,75,94,29,54,20,22,22,16,11,15,0,0,0,3,-8,0,-2,8,-6,23,19,25,25,27,24,28,26,32,0,81,84,77,88,99,93,101,90,97,63,117,119,162,152,168,117,139,139,139,126,138,133,105,84,176,56,67,65,122,136,125,121,137,112,580,580,580,580,580,580,686,675,641,641,738,543,741,730,733,643,29979,29980]} 1. e4 d5 2. exd5 Qxd5 3. Nf3 Nf6 4. Be2 Bf5 5. d4 c6 6. O-O {B01: Scandinavian Defence} Nbd7 (6... e6 7. c4 Qd6 8. Nh4 Bg6 9. Nc3 Be7 10. g3 O-O 11. Nxg6 hxg6 12. Bf4 {½-½ (25) Lupulescu,C (2620)-Laznicka,V (2654) Germany 2018}) 7. c4 Qd6 8. Nc3 e6 {LiveBook: 3 Games} 9. g3 (9. Nh4 $16) 9... Qc7 10. c5 $146 ({Predecessor:} 10. Qb3 Qb6 11. Qa4 Be7 {1-0 (31) Dominguez,R (2186)-Perez Arenas,A (2048) Medellin 2015}) 10... Be7 11. b4 O-O 12. Bf4 Qc8 13. Nh4 Bh3 14. Re1 Rd8 15. Qb3 Nf8 16. Rad1 Nd5 17. Nxd5 Rxd5 (17... exd5 {with more complications.} 18. Nf3 Ne6 19. Be3 Bf6 20. Qc3 b6) 18. Ng2 $36 {[%mdl 2048] White has some pressure.} Ng6 19. Be3 Bf6 20. b5 Bxg2 21. Kxg2 Ne7 22. g4 Qd8 (22... h6 $11 {keeps the balance.}) 23. Bc4 $16 cxb5 24. Bxd5 ({Much weaker is} 24. Qxb5 $6 Rd7 $11) 24... Qxd5+ 25. Qxd5 Nxd5 26. Rb1 a6 27. Rec1 Rc8 (27... h6 $14) 28. g5 Bd8 29. Bd2 f6 {[#]} 30. h4 (30. a4 $1 $18 {[%mdl 512]}) 30... fxg5 31. hxg5 Kf7 32. a4 b4 33. Bxb4 {Strongly threatening Bd2.} Bxg5 34. Rc2 Bf6 (34... b6 $16) 35. Rd2 (35. Ba5 $18) 35... b6 36. Ba3 bxc5 ({Better is} 36... Rc6 $14) 37. Rb7+ Kg6 38. dxc5 Rc6 39. a5 Bc3 $2 {[%mdl 8192] [#]} (39... Bd8 $16 {is a better chance.}) 40. Rxd5 $1 $18 {[%mdl 512]} exd5 {[%mdl 4096] Endgame KRB-KRB} 41. Rb6 Rf6 42. c6 {aiming for c7.} Bxa5 43. c7 Bxb6 44. c8=Q Rxf2+ 45. Kg3 Rf6 46. Be7 Bf2+ 47. Kg2 Rf4 48. Qe6+ {Precision: White = 49%, Black = 40%.} 1-0

[Event "44th BAN-ch OMICON 2018"]
[Site "Dhaka"]
[Date "2018.12.02"]
[Round "9"]
[White "Ahmed, Sk. Nasir"]
[Black "Mohammad Minhaz Uddin"]
[Result "1/2-1/2"]
[WhiteElo "2119"]
[BlackElo "2290"]
[Annotator "TA"]
[PlyCount "24"]
[EventDate "2018.11.24"]
[EventType "swiss"]
[EventCountry "BAN"]
[SourceTitle "playchess.com"]
[Source "ChessBase"]
[SourceQuality "1"]

{[%evp 9,24,-8,2,-16,0,-22,0,-55,0,0,0,-1,11,-1,0,0,0]} 1. c4 e5 2. Nc3 Nf6 3. Nf3 Nc6 4. d3 Be7 5. Nd5 (5. e4 d6 6. Be2 Bg4 7. Be3 Bxf3 8. Bxf3 Nd7 9. Nd5 Nc5 10. Bg4 Ne6 11. Bxe6 fxe6 12. Nxe7 Qxe7 13. Qh5+ Qf7 14. Qxf7+ Kxf7 15. Rf1 {½-½ (15) Zhou,J (2586)-Salem,A (2581) Al Ain 2014}) 5... O-O 6. g3 {A28: English Opening: Four Knights Variation} (6. e4 {keeps more tension.} a5 7. a3 d6 8. Be2 Bd7 9. O-O) 6... Re8 7. Nxe7+ $146 ({Predecessor:} 7. Bg2 Nxd5 8. cxd5 Nd4 9. Nd2 c5 10. a4 d6 11. e3 Nf5 12. O-O Bd7 {0-1 (43) Kadilnikov,V-Gaposhkin,N ICCF corr 2002}) 7... Qxe7 8. e4 (8. Bg2 $11) 8... d6 ({Black should try} 8... Qb4+ $15 9. Qd2 b5) 9. Bg2 $11 {The position is equal.} Bg4 10. Be3 Nd7 11. h3 Bxf3 12. Bxf3 Nc5 1/2-1/2

[Event "44th BAN-ch OMICON 2018"]
[Site "Dhaka"]
[Date "2018.12.02"]
[Round "9"]
[White "Saiful Islam, Chowdhury"]
[Black "Mohammad Fahad, Rahman"]
[Result "1-0"]
[WhiteElo "2110"]
[BlackElo "2381"]
[Annotator "TA"]
[PlyCount "75"]
[EventDate "2018.11.24"]
[EventType "swiss"]
[EventCountry "BAN"]
[SourceTitle "playchess.com"]
[Source "ChessBase"]
[SourceQuality "1"]

{[%evp 11,75,20,27,22,33,31,32,31,42,21,36,36,35,9,60,9,40,36,62,41,90,53,153,155,151,157,144,144,150,119,146,0,0,4,151,135,189,196,491,454,452,430,687,680,1352,796,795,789,794,785,785,779,783,773,792,766,1195,1172,2089,1022,6379,6299,2810,1352,29991,29979]} 1. e4 c5 2. Nc3 a6 3. a4 e6 (3... Nc6 4. g3 g6 5. Bg2 Bg7 6. d3 Rb8 7. f4 d6 8. h3 b5 9. axb5 axb5 10. Nf3 b4 11. Nd5 e6 {0-1 (42) Larino Nieto,D (2491)-Salgado Lopez,I (2614) Linares 2013}) 4. g3 b6 5. Bg2 Bb7 6. Nge2 {B23: Closed Sicilian: Lines without g3} Nf6 {LiveBook: 3 Games} 7. O-O d6 8. d3 {White is slightly better.} Nbd7 9. h3 h5 $146 ({Predecessor:} 9... Qc7 10. f4 Be7 11. Be3 O-O 12. g4 d5 13. e5 {0-1 (39) Guadalupe Martin,A-Ivanov,M (2465) Las Palmas 1996}) 10. Bg5 Qc7 11. f4 Be7 12. Qd2 Rc8 ({Better is} 12... d5 $11) 13. Rad1 (13. f5 $14) 13... Qb8 14. Rde1 Qa8 15. Rf2 Rd8 16. Qe3 Qc8 (16... Ng8 $14) 17. e5 $16 Bxg2 18. Rxg2 dxe5 19. fxe5 Ng8 20. Rf2 {Threatens to win with Ref1.} Qc7 21. Bxe7 (21. Nf4 $16) 21... Nxe7 $11 22. Nf4 Qc6 {[#]} (22... Nc6 $11 {remains equal.}) 23. Ng2 $1 $16 Nf5 (23... Nf8 $16) 24. Qg5 $40 {[%mdl 128] Strongly threatening Rxf5. White attacks with force.} b5 $2 (24... Nf8 25. Ne4 Nh7 26. Qxh5 O-O) 25. Rxf5 exf5 {[#]} 26. e6 $1 {[%cal Re6f7] Intending exf7+ and mate.} fxe6 (26... O-O $142 27. axb5 (27. exd7 b4 $16) 27... axb5) 27. Qxg7 Rf8 28. Qg6+ Ke7 29. Nf4 {[%cal Re1e6,Bg2f4,Bf4g6,Bg6e5,Be5c6,Bc6e7][%mdl 32]} Nf6 30. Qxf5 Rd6 31. Ng6+ Kd8 32. Qg5 Re8 33. Qxf6+ Kc7 34. Ne5 Qa8 35. axb5 (35. Qf7+ $142 Kd8 36. axb5) 35... Rdd8 36. Qf7+ Kc8 37. Nc6 Rg8 38. Ne7+ {Accuracy: White = 55%, Black = 19%.} 1-0

[Event "44th BAN-ch OMICON 2018"]
[Site "Dhaka"]
[Date "2018.12.02"]
[Round "9"]
[White "Ikramul, Haq Siam"]
[Black "Ghosh, Chanchal Kumer"]
[Result "1/2-1/2"]
[WhiteElo "2100"]
[BlackElo "2069"]
[Annotator "TA"]
[PlyCount "93"]
[EventDate "2018.11.24"]
[EventType "swiss"]
[EventCountry "BAN"]
[SourceTitle "playchess.com"]
[Source "ChessBase"]
[SourceQuality "1"]

{[%evp 9,93,26,73,62,60,62,59,26,102,61,62,60,64,5,9,17,94,15,25,25,19,14,64,58,88,97,109,109,102,110,119,127,105,-6,53,62,123,135,137,174,156,130,190,184,188,180,165,165,306,120,221,64,94,54,28,0,0,0,235,146,138,0,0,0,1,0,0,0,0,0,0,0,0,0,16,16,16,16,16,16,25,0,0,0,25,0]} 1. d4 Nf6 2. Bg5 d6 3. Nc3 c6 4. e4 Qa5 5. Qd2 b5 6. Bd3 {B07: Pirc Defence: Miscellaneous Systems} Nbd7 7. Nf3 h6 8. Bh4 {White is slightly better.} Bb7 $146 (8... g5 $11 9. Bg3 Nh5) ({Predecessor:} 8... g5 9. Bg3 Nh5 10. O-O Bg7 11. Ne2 Qxd2 12. Nxd2 e5 13. c3 Nf4 14. Bxf4 gxf4 {1-0 (22) Evora Brondo,J (1949)-Camacho Hernandez,F (1819) Tenerife 2017}) 9. O-O g5 10. Bg3 Nh5 11. Rfe1 (11. a4 $14) 11... Nxg3 $11 12. hxg3 e5 (12... Bg7 $11 {keeps the balance.}) 13. dxe5 (13. Bf1 $16) 13... dxe5 14. a4 {[%cal Ra4b5]} b4 15. Nd1 Bc5 (15... f6 {feels hotter.} 16. Ne3 O-O-O 17. Red1 Nc5 18. Qe1 Qc7) 16. Ne3 Bxe3 17. Qxe3 f6 18. Nd2 Qc5 19. Qf3 h5 20. Nb3 Qe7 21. Qf5 ({Better is} 21. Red1 $16) 21... Nf8 (21... g4 $11 22. Qg6+ Kd8) 22. Na5 $1 $14 {[%cal Ra5b7]} Kf7 (22... Bc8 $14 23. Nxc6 Bxf5 24. Nxe7 Kxe7 25. exf5 Nd7) 23. Bc4+ Kg7 {Strongly threatening ...Bc8.} 24. Nxb7 Qxb7 25. Rad1 Qe7 (25... Qc7 $16 {might work better.} 26. f4 gxf4) 26. Re3 $18 Rd8 {[#]} 27. Red3 $1 {[%cal Rd3d8]} Rxd3 28. Rxd3 ({But not} 28. cxd3 $6 Nd7 $11) 28... h4 (28... Qc7 $142 29. c3 bxc3) 29. g4 $2 (29. gxh4 $18 {and the rest is easy. Black must now prevent g3.} Rxh4 30. g3) 29... a5 (29... Qc7 $16 30. Ba2 Rh7) 30. c3 $2 (30. Qc8 $18) 30... bxc3 $14 31. Rxc3 Ng6 32. Ba6 h3 33. g3 c5 $2 (33... h2+ $11 34. Kh1 Qb4 35. Qd7+ {[%mdl 64] Double Attack} Ne7) 34. Rd3 Rd8 {[#]} 35. Kh2 (35. Rb3 $1 $16 {[%cal Rb3b7]} Qd6 36. Rb7+ Ne7 37. Kh2) 35... Rxd3 $1 $11 36. Bxd3 Qd8 $132 {[%mdl 2048] Black is fighting back} 37. Qf3 Qd4 38. b3 Ne7 39. Kxh3 Qc3 40. Be2 Qe1 41. Bb5 Nc8 42. Kg2 {Hoping for Qd3.} Nd6 43. Bc6 Qd2 44. Bd5 Kg6 $1 45. Kf1 Qc1+ $1 46. Kg2 {aiming for Qd3.} Qd2 $1 47. Kf1 {Accuracy: White = 40%, Black = 51%.} 1/2-1/2

[Event "44th BAN-ch OMICON 2018"]
[Site "Dhaka"]
[Date "2018.12.02"]
[Round "9"]
[White "Ikramul, Haq Siam"]
[Black "Ghosh, Chanchal Kumer"]
[Result "*"]
[WhiteElo "2100"]
[BlackElo "2069"]
[Annotator "NA RC"]
[PlyCount "43"]
[EventDate "2018.11.24"]
[EventType "swiss"]
[EventCountry "BAN"]
[SourceTitle "playchess.com"]
[Source "ChessBase"]
[SourceQuality "1"]
[TimeControl "40/5400+30:1800+30"]

1. d4 {[%emt 1:30:30]} Nf6 {[%emt 1:30:30]} 2. Bg5 {[%emt 0:00:30]} d6 {[%emt 0:00:30]} 3. Nc3 {[%emt 0:00:30]} c6 {[%emt 0:00:30]} 4. e4 {[%emt 0:00:30]} Qa5 {[%emt 0:00:30]} 5. Qd2 {[%emt 0:00:30] LiveBook: 15 Games} b5 {[%emt 0:00:30] B07: Pirc Defence: Miscellaneous Systems} 6. Bd3 {[%emt 0:00:30]} Nbd7 {[%emt 0:00:30]} 7. Nf3 {[%emt 0:00:30]} h6 {[%emt 0:00:30] Bh4Bb7 [%clk 0:00:00]} 8. O-O $2 $146 {[%emt 0:00:30]} (8. Bxf6 $14 {stays ahead.} exf6 9. O-O) ({Predecessor:} 8. Bh4 g5 9. Bg3 Nh5 10. O-O Bg7 11. Ne2 Qxd2 12. Nxd2 e5 13. c3 Nf4 14. Bxf4 gxf4 {1-0 (22) Evora Brondo,J (1949)-Camacho Hernandez,F (1819) Tenerife 2017}) 8... hxg5 {[%emt 0:00:30] Bg3 [%clk 0:00:00] Nh5 [%clk 0:00:00]} 9. Rfe1 {[%emt 0:00:30] Nxg3 [%clk 0:00:00] hxg3 [%clk 0:00:00]} e5 {[%emt 0:00:30]} 10. dxe5 {[%emt 0:00:30]} dxe5 {[%emt 0:00:30]} 11. a4 {[%emt 0:00:30]} b4 {[%emt 0:00:30] Nd1Bc5 [%clk 0:00:00]} 12. Qe3 {[%emt 0:00:30]} Qc5 {[%emt 0:00:30]} 13. Bc4 {[%emt 0:00:30] Kg7 [%clk 0:00:00]} (13. Nd1 $142) 13... Qe7 $19 {[%emt 0:00:30]} (13... Qxc4 $142 14. Nd1 Qxc2) 14. h4 {[%emt 0:00:30]} g4 {[%emt 0:00:30]} 15. a5 {[%emt 0:00:30]} bxc3 {[%emt 0:00:30]} 16. bxc3 {[%emt 0:00:30] Rxc3 [%clk 0:00:00]} Ba6 {[%emt 0:00:30]} 17. g3 {[%emt 0:00:30]} c5 {[%emt 0:00:30]} 18. Kh2 {[%emt 0:00:30]} Qd8 {[%emt 0:00:30] Qf3 [%clk 0:00:00]} 19. Qd4 {[%emt 0:00:30]} Bb5 {[%emt 0:00:30]} 20. Kg2 {[%emt 0:00:30]} Bc6 {[%emt 0:00:30]} 21. Qd2 {[%emt 0:00:30]} Bd5 {[%emt 0:00:30]} 22. Kf1 {[%emt 0:00:30]} *

[Event "44th BAN-ch OMICON 2018"]
[Site "Dhaka"]
[Date "2018.12.02"]
[Round "9"]
[White "Md, Sariatullah"]
[Black "S M Sharon"]
[Result "0-1"]
[WhiteElo "2027"]
[BlackElo "2123"]
[Annotator "TA"]
[PlyCount "110"]
[EventDate "2018.11.24"]
[EventType "swiss"]
[EventCountry "BAN"]
[SourceTitle "playchess.com"]
[Source "ChessBase"]
[SourceQuality "1"]

{[%evp 12,110,26,26,33,35,52,49,45,31,35,20,53,-25,-41,-151,-87,-203,-87,-99,-94,-94,-104,-96,-75,-78,-60,-66,-28,-79,-68,-127,-2,0,-6,-25,-14,-27,67,58,66,75,66,21,193,187,213,177,254,245,250,152,289,289,245,196,300,188,190,150,151,112,119,75,106,112,257,257,257,257,4133,383,400,400,392,222,283,-4829,-4941,-4921,-4797,-2196,-1854,-1757,-1514,-4817,-4913,-29985,-29985,-29987,-1292,-29986,-1941,-29974,-29978,-29976,-29977,-29984,-29985,-29984,-5539]} 1. e4 d6 2. d4 Nf6 3. Nc3 Nbd7 4. Be3 e5 5. Bc4 g6 6. f3 Bg7 7. Nge2 a6 {B06: Modern Defence} 8. a4 exd4 9. Nxd4 O-O {White is slightly better.} 10. Qd2 Ne5 11. Bb3 Bd7 (11... c5 12. Nde2 c4 13. Ba2 b5 14. Nf4 {0-1 (26) El Arousy,A (2293)-Ibrahim,H (2388) Cairo 2012}) 12. O-O-O $146 (12. O-O $14) ({Predecessor:} 12. Rd1 Qe7 13. Bg5 Bc6 14. O-O {0-1 (31) Csatlos,R (2024)-Dobai,S (2199) Hungary 2014}) 12... b5 $1 $11 13. h4 ({White should play} 13. Bg5 $15) 13... bxa4 (13... c5 $142 {Threatens to win with ...bxa4.} 14. Nde2 c4) 14. Nxa4 (14. Bxa4 $17 {is a better defense.} Qb8 15. b3) 14... Bxa4 (14... c5 $19 {And now ...c4 would win.} 15. Nc3 cxd4 16. Qxd4 Be6 17. Qxd6 Qxd6 18. Rxd6 Bxb3 19. cxb3 Rfc8) 15. Bxa4 $17 c5 $1 16. Ne2 Nc4 17. Qd3 Nxe3 18. Qxe3 Qa5 19. b3 $1 Rfd8 (19... c4 $5 20. Qd2 (20. Rxd6 cxb3 21. cxb3 Bh6 $17) 20... Qc5 $11) 20. Qd2 (20. c4 $11 {remains equal.}) 20... Qb6 $1 21. c4 ({Better is} 21. Kb1 $15) 21... h5 (21... d5 $1 $17 22. exd5 (22. cxd5 c4 $11) 22... Ne8) 22. Kc2 $11 Rab8 23. Rb1 Qb7 24. Nc3 Nh7 (24... Qc8 $11) 25. Nd5 $14 Nf8 26. g4 hxg4 27. fxg4 Re8 $2 (27... Ne6 $11) 28. Bxe8 $18 Rxe8 29. g5 Ne6 (29... Qd7 $142 30. Qg2 Qe6) 30. h5 $1 Nd4+ 31. Kd3 {Black must now prevent hxg6.} gxh5 (31... Nc6 $16 {keeps fighting.}) 32. Qg2 ({Don't do} 32. Rxh5 Re5 $18) 32... Ne6 33. Rh4 Kf8 (33... Nf8 {was called for.} 34. Rxh5 Ng6) 34. Qf3 Nxg5 35. Qxh5 Re5 {Hoping for ...Nxe4.} 36. Qe2 f5 37. Qh2 $1 {aiming for Rh8+!} fxe4+ 38. Kc2 Rxd5 (38... Ke8 $16 {was worth a try.}) 39. cxd5 Qxd5 {Strongly threatening ...Qd3+.} 40. Rd1 Bd4 $2 {[#]} (40... Qe5 41. Qxe5 Bxe5) 41. Qf4+ $2 (41. Rh8+ $1 {[%mdl 512]} Ke7 (41... Bxh8 42. Rxd5) 42. Qh5 Bxh8 43. Rxd5) 41... Nf7 {[#]} 42. Rh8+ $3 {[%mdl 512]} Ke7 (42... Bxh8 43. Rxd5) 43. Rh7 (43. Rc8 $142 Qh5 44. Qxe4+ Ne5 45. Rh1) 43... e3 {[#]} 44. Rf1 $4 {[%mdl 8192]} (44. Qxe3+ $1 $18 {[%mdl 512]} Bxe3 45. Rxd5) 44... Qg2+ $19 45. Kd3 Qd2+ $1 46. Ke4 Qc2+ {[%mdl 64] Double Attack} 47. Kd5 Qxh7 48. Kc6 Qg6 49. Qh4+ Ke8 50. Kc7 Qe6 (50... d5 $142 51. b4 Qd6+ 52. Kb7 Nd8+ 53. Qxd8+ Kxd8 54. Rg1 cxb4 55. Rg8+ Kd7 56. Rg7+ Bxg7 57. Ka8 Qc6+ 58. Kb8 Qc8+ 59. Ka7 Bd4#) 51. Rf4 Qe7+ (51... d5 $142 52. Rxf7 Qxf7+ 53. Kb8 Qe6 54. Qh5+ Kd7 55. Qh7+ Qe7 56. Qd3 e2 57. Ka8 e1=Q 58. Qh3+ Q1e6 59. Qxe6+ Qxe6 60. Kb7 Qc6+ 61. Ka7 c4+ {[%mdl 64] Discovered Attack} 62. Kb8 Qc8#) 52. Kb6 Qxh4 {Black mates.} 53. Rxh4 Ng5 54. Rh2 Nf3 55. Re2 Ng1 {Accuracy: White = 42%, Black = 30%.} (55... c4+ $142 56. Kb7 cxb3 57. Ka8 b2 58. Rc2 b1=Q 59. Rc8+ Kf7 60. Rc7+ Kg6 61. Rc6 Qe4 62. Kb8 {[#]} Ba7+ $1 {[%mdl 512]} 63. Kb7 Ne5 64. Ka8 Nxc6 65. Kb7 Nd8+ {[%mdl 64] Discovered Attack (Double check)} 66. Kc7 Qe6 67. Kxd8 Bb6#) 0-1

[Event "44th BAN-ch OMICON 2018"]
[Site "Dhaka"]
[Date "2018.12.02"]
[Round "9"]
[White "Jabed Al Azad"]
[Black "Nayem, Haque"]
[Result "*"]
[WhiteElo "2008"]
[BlackElo "2074"]
[Annotator "NA"]
[PlyCount "57"]
[EventDate "2018.11.24"]
[EventType "swiss"]
[EventCountry "BAN"]
[SourceTitle "playchess.com"]
[Source "ChessBase"]
[SourceQuality "1"]
[TimeControl "40/5400+30:1800+30"]

{[%evp 9,48,56,32767,32767,97,67,32767,71,32767,32767,32767,32767,29,34,32767,33,32767,32767,32767,43,45,37,70,45,41,32767,32,32767,43,32767,39,32767,32767,32767,32767,12,14,7,58,8,17]} 1. e4 {[%emt 0:01:33]} e6 {[%emt 0:08:01]} 2. d4 {[%emt 0:00:15]} d5 {[%emt 1:22:59]} 3. Nc3 {[%emt 0:00:11]} dxe4 {[%emt 0:01:30]} 4. Nxe4 {[%emt 0:00:03]} Nf6 {[%emt 0:00:11]} 5. Nxf6+ {[%emt 0:00:49]} gxf6 {[%emt 0:03:04]} 6. Nf3 {[%emt 0:00:21]} c5 {[%emt 0:03:58] LiveBook: 4 Games} 7. c3 {[%emt 0:01:55] C10: French with 3 Nc3: Unusual Black 3rd moves and 3...dxe4} Nc6 {[%emt 0:00:49]} 8. Be3 {[%emt 0:00:20]} cxd4 {[%emt 0:00:59]} 9. Nxd4 {[%emt 0:00:33]} Nxd4 {[%emt 0:01:10]} 10. Qxd4 {[%emt 0:00:06]} Qxd4 {[%emt 0:01:13]} 11. Bxd4 {[%emt 0:00:02]} e5 {[%emt 0:00:23]} 12. Be3 $146 {[%emt 0:00:12]} ({Predecessor:} 12. Bb5+) 12... Bd7 {[%emt 0:00:27]} 13. O-O-O {[%emt 0:00:21]} Bc6 {[%emt 0:03:40]} 14. Rg1 {[%emt 0:00:50]} h5 {[%emt 0:03:46]} 15. Bc4 {[%emt 0:00:30]} Bh6 {[%emt 0:03:22]} 16. Bxh6 {[%emt 0:00:00]} Rxh6 {[%emt 0:00:38]} 17. Bd5 {[%emt 0:00:00]} Ke7 {[%emt 0:10:19]} 18. Bxc6 {[%emt 0:00:00]} bxc6 {[%emt 0:01:14]} 19. Rd3 {[%emt 0:00:00]} Rd8 {[%emt 0:05:00]} 20. Rxd8 {[%emt 0:00:00]} Kxd8 {[%emt 0:50:08]} 21. Kd2 {[%emt 0:00:00]} Rg6 {[%emt 0:00:12]} 22. Ke3 {[%emt 0:00:00]} Ke7 {[%emt 0:00:32]} 23. g3 {[%emt 0:00:00]} Rg8 {[%emt 0:00:37]} 24. Rd1 {[%emt 0:00:00]} h4 $11 {[%emt 0:00:32]} 25. Rd2 {[%emt 0:00:00]} Ke6 {[%emt 0:01:27]} 26. c4 {[%emt 0:06:00]} hxg3 {[%emt 0:03:35]} 27. hxg3 {[%emt 0:00:00]} Rb8 {[%emt 0:46:27]} 28. b3 {[%emt 0:00:00]} Ke7 {[%emt 0:00:51]} 29. Ke4 {[%emt 0:00:00]} *

[Event "44th BAN-ch OMICON 2018"]
[Site "Dhaka"]
[Date "2018.12.03"]
[Round "10"]
[White "Mohammad Minhaz Uddin"]
[Black "Mehdi Hasan Parag"]
[Result "1/2-1/2"]
[WhiteElo "2290"]
[BlackElo "2218"]
[Annotator "TA"]
[PlyCount "67"]
[EventDate "2018.11.24"]
[EventType "swiss"]
[EventCountry "BAN"]
[SourceTitle "playchess.com"]
[Source "ChessBase"]
[SourceQuality "1"]

{[%evp 15,67,10,25,25,35,28,33,33,109,55,82,20,62,67,93,45,90,87,90,56,54,39,112,98,82,75,106,118,138,154,150,-48,0,-22,-32,-109,-113,-150,-25,-145,-154,-147,-148,-147,-143,-156,-142,-191,0,-37,-42,-61,-55,-77]} 1. e4 {[%cal Be2e4,Be4e5][%mdl 32]} c6 2. d4 d5 3. e5 c5 4. dxc5 e6 5. Nf3 Bxc5 6. a3 {B12: Caro-Kann: Advance Variation} Ne7 (6... Nd7 7. Bd3 f6 8. b4 Be7 9. Bb2 fxe5 10. Nxe5 Nxe5 11. Bxe5 Bf6 12. O-O Nh6 13. Bxf6 Qxf6 {1-0 (70) Jakovenko,D (2735)-Fedoseev,V (2706) Poikovsky 2018}) 7. Bd3 Ng6 8. O-O O-O {LiveBook: 9 Games} 9. Ng5 {Qh5 is the strong threat.} Be7 10. Qh5 {[%csl Gg5][%cal Rh5h7]} Bxg5 $1 11. Bxg5 Qb6 (11... Qc7 $1 $14) 12. Nc3 $146 (12. Nd2 $16) ({Predecessor:} 12. Be7 Re8 {0-1 (43) Hoolt,S (2393)-Sargsyan,A (2276) Stary Smokovec 2018}) 12... Nd7 $14 13. Be7 ({White should play} 13. Rae1 $1 $16) 13... Re8 14. Bd6 $1 $40 {[%mdl 128] White has some attack.} a6 15. b4 Ndf8 16. Ne2 Bd7 17. Bc5 Qc7 18. f4 Rec8 (18... Bb5 $14) 19. Rf3 Bb5 20. Raf1 $1 Bxd3 21. cxd3 b6 22. Bd6 Qc2 23. Rg3 $2 (23. Ng3 $1 $16) 23... Qb2 24. Bxf8 Rxf8 25. f5 (25. h4 $15) 25... exf5 $1 $17 26. Rxf5 Qa1+ ({Black should try} 26... Qxa3 $17 27. Rf1 Rae8) 27. Kf2 (27. Rf1 $11 {was the only way to keep the balance.} Qxe5 28. Qxe5 Nxe5 29. Rf5) 27... Qxa3 28. Qg4 a5 $1 29. bxa5 bxa5 {Strongly threatening ...a4.} ({Much less strong is} 29... Qxa5 30. h4 $17) 30. h4 {[#]} Qb4 $1 {[%cal Rb4g4] Threatens to win with ...Qxg4.} 31. d4 {[#] Hoping for h5.} h5 $2 (31... a4 $1 $19 {[%cal Ra4a3]} 32. h5 a3 33. hxg6 fxg6 34. Rxf8+ Qxf8+ 35. Rf3 a2 36. Qe6+ Kh8 37. Rxf8+ Rxf8+ 38. Ke3 a1=Q 39. Qxd5 Qa3+ 40. Ke4 Qb4) 32. Qxh5 a4 33. Rff3 $1 {White wants to play e6!} Ra6 34. Ra3 {Accuracy: White = 37%, Black = 44%.} 1/2-1/2

[Event "44th BAN-ch OMICON 2018"]
[Site "Dhaka"]
[Date "2018.12.03"]
[Round "10"]
[White "Islam, Kh. Aminul"]
[Black "Subrota, Biswas"]
[Result "0-1"]
[WhiteElo "2253"]
[BlackElo "2126"]
[Annotator "TA"]
[PlyCount "62"]
[EventDate "2018.11.24"]
[EventType "swiss"]
[EventCountry "BAN"]
[SourceTitle "playchess.com"]
[Source "ChessBase"]
[SourceQuality "1"]

{[%evp 23,62,22,123,105,92,40,41,35,43,-8,-10,-12,39,52,41,0,0,12,33,34,47,-7,-19,-14,21,-352,-337,-343,-345,-356,-348,-655,-649,-1639,-1141,-29993,-29994,-29996,-29997,-29997,-29998]} 1. d4 d6 2. Nf3 g6 3. c4 Bg7 4. Nc3 Nf6 5. e4 O-O 6. Be2 e5 7. Be3 Nc6 8. d5 Ne7 9. Nd2 Nd7 10. b4 f5 11. f3 Kh8 {E92: King's Indian: Classical: 6 Be2 e5: 7 dxe5, 7 Be3 and Petrosian System without 7...Nbd7} (11... Nf6 12. c5 Nh5 13. g3 Nf4 14. Bf1 fxe4 15. fxe4 h5 16. Nc4 Bg4 17. Qd2 Nh3 18. Be2 Kh7 19. Bxg4 hxg4 20. O-O-O {1-0 (39) Del Rio de Angelis,S (2556)-Perez Mitjans,O (2442) Atarrabia 2016}) 12. c5 Nf6 {LiveBook: 3 Games} (12... fxe4 $1 $11 13. fxe4 (13. Ndxe4 Nf6 $14) 13... Ng8) 13. cxd6 cxd6 {White is better.} 14. Rc1 (14. O-O $16) 14... Neg8 $146 ({Predecessor:} 14... b6 15. Nb5 Ne8 16. Bg5 h6 17. Bh4 {1-0 (50) Nagybiro,L (2128)-Pribek,L (2137) Hungary 2016}) 15. O-O Bh6 16. Bf2 (16. Bxh6 $14 Nxh6 17. Nc4) 16... fxe4 $11 17. fxe4 Nh5 (17... Ng4 $11 18. Bxg4 Bxg4 19. Qxg4 Bxd2) 18. Bxh5 $14 gxh5 19. Qe1 Qg5 20. Rc2 Bd7 21. Nc4 Qg6 22. Be3 (22. a4 $14) 22... Rxf1+ $40 {[%mdl 128] White needs to defend precisely.} 23. Qxf1 Rc8 {White must now prevent ...b5.} 24. Qd3 $2 {[%mdl 8192] [#]} (24. Bxa7 $11 b5 25. Nb6 Be3+ 26. Kh1) 24... Rxc4 $1 $19 {[%mdl 512]} 25. Qxc4 Bxe3+ 26. Kh1 Nf6 27. Qc7 $2 (27. Qf1) 27... Qf7 28. h3 Nxe4 {[#] ( -> ...Qf1+)} 29. Qb8+ Kg7 {Black mates.} 30. Nxe4 Qf1+ 31. Kh2 Bg1+ {Precision: White = 28%, Black = 64%.} 0-1